000
00209nam a2200085Ia 4500
008
120527s9999 xx 000 0 und d
100
_a
Wilson T. Hugh
245
_a
Drugs, Society and behaviour 97/98
942
_c
BK
999
_c
27555
_d
27555